| 000 | 02989 a2200349 4500 | ||
|---|---|---|---|
| 001 | 63748 | ||
| 005 | 20260407155937.0 | ||
| 008 | 260407a2025 arg spa d | ||
| 003 | AR-UNSa-BCEJYS | ||
| 040 |
_aAR-UNSa-BCEJYS _bspa _cAR-UNSa-BCEJYS |
||
| 080 |
_a349.2(094.5) _x(Legislación del trabajo (Legislación laboral, contrato de trabajo,procedimiento laboral,riesgo laboral etc.)) |
||
| 245 | 1 | 0 |
_aManual de riesgos laborales _pDe la prevención a la reparación |
| 020 | _a978-987-03-4864-1 | ||
| 264 | 1 |
_aBuenos Aires : _bLa Ley _c2025 |
|
| 300 |
_axxix, 313 p. _c25 cm. |
||
| 505 | _a1. La complejidad de la prevención de los riesgos laborales / Carlos María Vargas Gómez - 2. La influencia de la cultura organizacional en la prevención de riesgos laborales: un enfoque psico-sociológico / David Ángel Martínez - 3. Interacción de la prevención de infortunios laborales entre la LRT y el Código Civil y Comercial de la Nación / Martha Inés Ugolini y Marcela Fernanda Vargas Gómez - 4. De las obligaciones en el sistema de riesgos del trabajo / Ángela Generosa Oieni - 5. Responsabilidad tarifada en el sistema de riesgos del trabajo: análisis de contingencias, pluriempleo y relaciones laborales finalizadas / Martha Inés Ugolini - 6. Denuncia de la contingencia / Martha Inés Ugolini - 7. Tipos de incapacidad y prestaciones dinerarias y en especie / Matías Benjamín Cardozo - 8. Relaciones de las contingencias laborales con el contrato de trabajo / Matías Benjamín Cardozo y Martha Inés Ugolini - 9. Contingencias cubiertas por el sistema de riesgos del trabajo / Marcela Fernanda Vargas Gómez y Ariel Valdivia Dahl - 10. El COVID-19 como riesgo del trabajo / María Paula Motti - 11. Nuevas contingencias laborales: el teletrabajo / Ángela Generosa Oieni - 12. Límites cualitativos de la cobertura sistémica / María Paula Motti - 13. Comisiones médicas / Marcela Fernanda Vargas Gómez y Ariel Valdivia Dahl - 14. Patrocinio letrado / Karina Andrea López - 15. Procedimiento ante Comisión médica central / Antonio Luis Sambucetti, Elena Elizabeth Scarlato y Ariel Valdivia Dahl / 16. Trámites ante el servicio de homologación de la SRT y valoración de daño / Ángela Generosa Oieni - 17. Procedimiento ante el servicio de homologación por fallecimiento laboral (casos mortales) / Karina Andrea López - | ||
| 041 | _aspa | ||
| 942 | _cBK | ||
| 590 | _aniveau_biblio:m niveau_hierar:0 | ||
| 100 | 1 | _aVargas Gómez, Marcela Fernanda | |
| 700 | 1 | _aCardozo, Matías Benjamín | |
| 700 | 1 | _aLópez, Karina Andrea | |
| 700 | 1 | _aMartínez, David Ángel | |
| 700 | 1 | _aMotti, María Paula | |
| 700 | 1 | _aOieni, Ángela Generosa | |
| 700 | 1 | _aSambucetti, Antonio Luis | |
| 700 | 1 | _aScarlato, Elena Elizabeth | |
| 700 | 1 | _aUgolini, Martha Inés | |
| 700 | 1 | _aValdivia Dahl, Ariel | |
| 700 | 1 | _aVargas Gómez, Carlos María | |
| 856 | 4 | 1 |
_uhttps://biblioeco.unsa.edu.ar/pmb/images/libros/L129431.jpg _yImagen de portada _qimage/jpeg |
| 999 |
_c8308 _d8308 |
||